000 00611nam a2200229Ia 4500
001 18566
003 GE_BSU
008 181216s||||||||xx |||||||||||||| ||und||
010 _a783407254665
040 _cGE_BSU
080 _a811.112(072)
100 _aGunther,Gugel
245 _a1000 neue Methoden: Praxismaterial für kreativen und aktivierenden Unterricht
260 _a(Berlin, Germany)
260 _bBeltz Verlag
260 _c2007
300 _a223p;24cm
653 _a1000 neue Methoden
653 _aგერმანული ენა
653 _aმეთოდიკა
942 _cBK
999 _c51575
_d51575